000 00322nam a2200121Ia 4500
008 220214s9999 xx 000 0 und d
100 _aDerham CJ
245 0 _aCombined earthquake protection and vibration isolation of structures
260 _bNR Technology
_c1985
300 _a11-Mar
700 _aKelly JM
942 _cRE
999 _c45734
_d45734